| 000 | 01542nam a2200265 4500 | ||
|---|---|---|---|
| 003 | CO-ViMGA | ||
| 020 | _a9789588611945 | ||
| 040 |
_aCO-ViMGA _bspa _cCO-ViMGA |
||
| 082 | 0 | 4 |
_a920.72 _bF71d |
| 100 | 1 |
_aFrank, Anne _d1929-1945 _99743 |
|
| 245 | 1 | 0 |
_aDiario _cAna Frank; traducción de Diego Puls ; material didáctico de Maribel Cruzado |
| 250 | _aEdicion escolar | ||
| 260 |
_aColombia : _bDebolsillo, _c2009 |
||
| 300 | _a440 p. | ||
| 490 | _aContemporánea | ||
| 520 | _aTras la invasión de Holanda, los Frank, comerciantes judíos alemanes emigrados a Amsterdam en 1933, se ocultaron de la Gestapo en una buhardilla anexa al edifcio donde el padre de Ana tenía sus ofcinas. Eran ocho personas y permanecieron recluidas desde 1942 hasta 1944, año en el que fueron detenidos y enviados a campos de concentración. En ese lugar y en las más precarias condiciones, Ana, de trece años, escribió su estremecedor diario: un testimonio único en su género sobre el horror y la barbarie nazi, y sobre los sentimientos y experiencias de la propia Ana y sus acompañantes. Ana murió en el campo de Bergen-Belsen en marzo de 1945. Su diario nunca morirá. Tomado de la contracubierta. | ||
| 534 | _tHet Achterhuis | ||
| 600 |
_aFrank, Anne _d1929-1945 _xCorrespondencia, memorias, etc. _99744 |
||
| 650 | 1 | 4 |
_aAutobiografías _99746 |
| 650 | 1 | 4 |
_aDiarios íntimos _99745 |
| 650 | 1 | 4 |
_aGuerra mundial II, 1939-1945 _xRelatos personales _99747 |
| 700 | 1 |
_aCruzado, Maribel _99749 |
|
| 700 | 1 |
_aPuls, Diego J.; _eTr. _99748 |
|
| 942 |
_2ddc _cBK |
||
| 999 |
_c3701 _d3701 |
||